000
00254nam a2200097Ia 4500
001
1206272
005
20251013151518.0
008
250824s9999 xx 000 0 und d
245
0
_a
UMRANDAN UYGARLIĞA
_c
CEMİL MERİÇ
260
_b
İLETİŞİM YAYINLARI
999
_c
1206272
_d
1206272